000 00728nam a2200265Ia 4500
003 OSt
005 20220918163400.0
006 a|||||r|||| 00| 0
007 ta
008 220917b |||||||| |||| 00| 0 eng d
020 _a0 7100 0514 8
024 _a23,600
037 _cTextual
040 _aARTS
_cARTS
_beng
041 _2eng
_aeng
082 _aO111,3M82w, M0
100 _aMeyers Jeffrey
_912855
245 0 _aEnemy
_b a biography of Wyndham Lewis
260 _aLondon
_bRoutledge and Kegan Paul UK
_c1980
300 _axiii,391p.
_ccm.
500 _aBibliography 375-76p
650 _aENGLISH LITERATURE
942 _hO111,3M82w, M0
_cTEXL
_2CC
999 _c119278
_d119278